| 000 | 00816nam a22002897a 4500 | ||
|---|---|---|---|
| 001 | BR0505331 | ||
| 003 | BR-BrBNA | ||
| 005 | 20230928102039.0 | ||
| 007 | ta | ||
| 008 | 230509b bl.||||| |||| 00| 0 por d | ||
| 040 |
_aBR-BrBNA _bpor _cBiblioteca Nacional de Agricultura |
||
| 041 | _a(Por) | ||
| 072 | _aE70; E16 | ||
| 090 | _ E70 BR0505331 | ||
| 110 | 1 | _aMinistério da Agricultura, Pecuária e Abastecimento, Brasília, DF (Brasil) | |
| 245 | 1 | _aMarcio Fortes de Almeida, secretário executivo | |
| 260 | 3 |
_aBrasília, DF (Brasil): _c2002. |
|
| 300 | _avp. | ||
| 500 | _a14 tables; 11 illus. | ||
| 650 | _aAGRICULTURA | ||
| 650 | _aPECUÁRIA | ||
| 650 | _aAGRONEGÓCIO | ||
| 650 | _aDADOS ESTATÍSTICOS | ||
| 650 | _aCOMÉRCIO EXTERIOR | ||
| 909 |
_a202309 _bLucia _c55 _dLucia Elande |
||
| 942 | _cBK | ||
| 999 |
_c68875 _d68875 |
||